[Event "Wil"]
[Site "Wil"]
[Date "1998.??.??"]
[Round "?"]
[White "Illi, Hans Joerg"]
[Black "Eberle, Marcel"]
[Result "1-0"]
[WhiteElo "2115"]
[BlackElo "1830"]
[PlyCount "77"]
[EventDate "1998.08.03"]
[EventType "tourn"]
[EventRounds "7"]
[EventCountry "SUI"]
[SourceTitle "EXT 2000"]
[Source "ChessBase"]
[SourceDate "1999.11.16"]
[SourceVersion "1"]
[SourceVersionDate "1999.11.16"]
[SourceQuality "1"]

1. d4 Nf6 2. Nf3 d5 3. e3 e6 4. Bd3 Nbd7 5. 0-0 Bd6 6. Nbd2 0-0 7. b3 b6 8. Bb2 Bb7 9. Ne5 c5 10. f4 Ne4 11. Bxe4 dxe4 12. Ndc4 Be7 13. Rf2 Nb8 14. Rd2 Qc8 15. Kf2 f6 16. Ng4 h5 17. Nxf6+ Bxf6 18. Qxh5 Qc7 19. Rad1 Bc6 20. dxc5 Bxb2 21. Nxb2 bxc5 22. Nc4 Nd7 23. Nd6 Bd5 24. Rxd5 Nf6 25. Rxc5 Qxd6 26. Rxd6 Nxh5 27. Rxh5 Rac8 28. Rxe6 Rxc2+ 29. Kg3 Rxa2 30. Rxe4 Rb8 31. Ra4 Rb2 32. Rxa7 R8xb3 33. Kf3 Rc3 34. Rg5 Kh8 35. h4 Rbb3 36. Re7 Rc1 37. f5 Rc4 38. Re8+ Kh7 39. Rh5# 1-0